Land vs. Land #70 - Statistiken

Allgemein
  • Dieses Quiz wurde 28 mal gespielt
  • Das Durchschnittsergebnis liegt bei 12 aus 14
Antwortstatistiken
Frage Antwort % Korrekt
...Fläche? Japan🇯🇵
100%
...Einwohner? Japan🇯🇵
100%
...Bruttoinlandsprodukt? Japan🇯🇵
100%
...Tourismus? Japan🇯🇵
100%
...Militär? Japan🇯🇵
96%
...durchschnittlicher IQ? Japan🇯🇵
96%
...Exportmengen? Japan🇯🇵
96%
...Gewinner? Japan🇯🇵
96%
...HDI (Human Development Index)? Japan🇯🇵
92%
...Gesundheitswesen? Japan🇯🇵
92%
...Lebenserwartung? Japan🇯🇵
88%
...Bruttoinlandsprodukt pro Kopf? Japan🇯🇵
83%
...Frieden? Japan🇯🇵
63%
...Happy Planet Index? Japan🇯🇵
46%
Keine übereinstimmenden Quizze gefunden
Verteilung der Resultate
Anzahl Personen mit jedem Resultat
Perzentil nach korrekt beantworteten Fragen
Ihre Resultats-Entwicklung
Sie haben dieses Quiz noch nicht gespielt